Central Library and Information Centre
Sibsagar Girls' College, Sivasagar : Assam

A TEXT BOOK ON DYNAMICS (Record no. 18705)

MARC details
000 -LEADER
fixed length control field 00514cam a2200217ua 4500
008 - FIXED-LENGTH DATA ELEMENTS--GENERAL INFORMATION
fixed length control field 160708n2012 II |||gr||||Z||||||eng
040 ## - CATALOGING SOURCE
Original cataloging agency MAIN
041 ## - LANGUAGE CODE
-- English
082 ## - DEWEY DECIMAL CLASSIFICATION NUMBER
Classification number 510 RAY
100 ## - MAIN ENTRY--PERSONAL NAME
Personal name RAY, M.
245 ## - TITLE STATEMENT
Title A TEXT BOOK ON DYNAMICS
250 ## - EDITION STATEMENT
Edition statement REP.
260 ## - PUBLICATION, DISTRIBUTION, ETC.
Place of publication, distribution, etc. NEW DELHI
Name of publisher, distributor, etc. S.CHAND & COMPANY
Date of publication, distribution, etc. 2012
300 ## - PHYSICAL DESCRIPTION
Extent 327:
Dimensions 20CM.
500 ## - GENERAL NOTE
General note TRANSFERRED TO COLLEGE HOSTELS
700 ## - ADDED ENTRY--PERSONAL NAME
Personal name RAY, M.,
Relator term Author.
700 ## - ADDED ENTRY--PERSONAL NAME
Personal name SARMAH, G.C.
942 ## - ADDED ENTRY ELEMENTS (KOHA)
Koha item type Books
653 ## - INDEX TERM--UNCONTROLLED
Uncontrolled term Mathematics
Holdings
Withdrawn status Lost status Damaged status Not for loan Collection code Home library Current library Shelving location Date acquired Full call number Barcode Date last seen Copy number Price effective from Koha item type
        TBMAT Central Library and Information Centre Sibsagar Girls College Central Library and Information Centre Sibsagar Girls College Hostel Library 13.08.2012 510 RAY 28143 27.02.2020 1 27.02.2020 Books
        REFENG Central Library and Information Centre Sibsagar Girls College Central Library and Information Centre Sibsagar Girls College Hostel Library 13.08.2012 510 RAY 28144 27.02.2020 2 27.02.2020 Books


Sibsagar Girl's College © 2020. All rights reserved.
Powered by Koha.
Maintained by Abhijit Borpuzari.